1154 1976 1746 1589 1673 1991 1421 1977 1434 1311 1600 1506 1255 1935 1741 1028 1940 1966 1978 1101 1857 1806 1236 1923 1116 1287 1476 1415 1299 1692 1320 1936 1724 1947 1454 1351 1139 1587 1939 1045 1745 1773 1125 1952 1538 1464 1365 1118 1300 1791 1111 1064 1298 1625 1161 1292 1002 1126 1253 1553 1723 1649 1417 1176 1831 1471 1108 1193 1186 1643 1489 1254 1000 1620 1460 1044 1190 1271 1460 1324 1414 1234 1330 1929 1246 1865 1508 1226 1500 1763 1019 1143 1501 1818 1862 1252 1937 1799 1915 BCNSPRNW ULIB Ver.6.0+V

เปลี่ยนเป็นภาษาไทย

Change to English
 แสดงรายละเอียดบรรณานุกรม
  กลับหน้าหลัก

Brief Record : Get Marc (ISO 2709) : E-mail record : QR code < ปิดหน้าต่าง
LEADER : 00000nam 2200000uu 4500
001    13399125634
003     ULIB
008    170712s2558||||th 000 0 tha d
020    ^a9786167790510
060  0 ^aWS113^bจ628ข
100 0  ^aจุฑามาศ โชติบาง
245 00 ^aข้อกำหนดด้านกระบวนการและผลลัพธ์เพื่อเทียบเคียงความสามารถในการพัฒนาศูนย์พัฒนาเด็กเล็ก /^cจุฑามาศ โชติบาง
250    ^aพิมพ์ครั้งที่ 3
260    ^aเชียงใหม่ :^bGood Work Media,^c2558
300    ^a66 หน้า ;^c21 ซม.
650  0 ^aเด็ก^xศูนย์พัฒนาเด็ก
945    ^p50^l0^i002612
945    ^p0^l0^i002624
999    ^aประนอม เกษจรัล
รายการนี้ยังไม่มีแท็ก
คุณยังไม่ได้ล็อกอิน คุณสามารถมีกิจกรรมร่วมกับเว็บไซต์ได้ แต่ต้องล็อกอินก่อน ::
  ล็อกอิน

รายการสื่อสารสนเทศ

ลำดับที่ ประเภท เลขเรียก/บาร์โค้ด สถานที่ สถานะ
1. วิทยาศาสตร์การแพทย์ และสุขภาพ
วิทยาศาสตร์การแพทย์ และสุขภาพ
สถานะ=หนังสือเก่า
WS113 จ628ข ฉ.1 
  Barcode: 002612
ห้องสมุดวิทยาเขตสวรรค์ประชารักษ์
►ส่วนจัดเก็บหนังสือเก่า สปร
บนชั้น
  ขอยืม
2. วิทยาศาสตร์การแพทย์ และสุขภาพ
วิทยาศาสตร์การแพทย์ และสุขภาพ
สถานะ=หนังสือเก่า
WS113 จ628ข ฉ.2 
  Barcode: 002624
ห้องสมุดวิทยาเขตสวรรค์ประชารักษ์
►ส่วนจัดเก็บหนังสือเก่า สปร
บนชั้น
  ขอยืม

รายการใกล้เคียง
    ผู้แต่ง [จุฑามาศ โชติบาง]

BibComment


ยังไม่เคยถูกคอมเมนท์

คอมเมนท์ทรัพยากรรายการนี้
  คอมเมนท์: ข้อกำหนดด้านกระบ..


 Copyright 2026. Bcnsprnw @Library